60 Bands on S - Statistics

General Stats
  • This quiz has been taken 16 times
    3 since last reset
  • The average score is 16 of 60
Answer Stats
Answer % Correct
Sex Pistols
100%
Slayer
100%
Soundgarden
100%
Spice Girls
100%
the Strokes
100%
Savage Garden
67%
Slipknot
67%
Smashing Pumpkins
67%
Snow Patrol
67%
Supergrass
67%
System of a Down
67%
the Smiths
67%
Sahara Hotnights
33%
Santana
33%
Scissor Sisters
33%
Scorpions
33%
Sepultura
33%
Simple Minds
33%
Siouxsie & The Banshees
33%
Sixpence None the Richer
33%
Slave to Sirens
33%
Slowdive
33%
Sublime
33%
Suede
33%
Super Furry Animals
33%
Supertramp
33%
the Sisters of Mercy
33%
the Skatalites
33%
the Slits
33%
the Stone Roses
33%
the Stooges
33%
the Supremes
33%
Salt-n-Pepa
0%
Savages
0%
Say Lou Lou
0%
Sham 69
0%
Sigur Ros
0%
Skinny Puppy
0%
Skunk Anansie
0%
Slade
0%
Smokie
0%
Soft Cell
0%
Sonic Youth
0%
Spandau Ballet
0%
Status Quo
0%
Stereophonics
0%
Stereo Total
0%
Sugababes
0%
Sugarplum Fairy
0%
the Searchers
0%
the Shadows
0%
The Shangri-Las
0%
the Shirelles
0%
the Small Faces
0%
the Sounds
0%
the Soundtrack of Our Lives
0%
the Specials
0%
The Spencer Davis Group
0%
the Stranglers
0%
the Sugarcubes
0%
No matching quizzes found
Score Distribution
Percent of People with Each Score
Percentile by Number Answered
Your Score History
You have not taken this quiz since the last reset